000
00383nam a22001217a 4500
003
SGT
082
_a
301.2
_b
S69S
100
_a
सुमन, श्री रामनाथ
245
_a
समाज सुधार : समस्याए और समाधान
260
_b
गाँधी साहित्य प्रकाशन
_c
1969
300
_a
978
942
_2
ddc
_c
BK
999
_c
29521
_d
29521